000 00300nam a22001337a 4500
008 171016b xxu||||| |||| 00| 0 eng d
020 _a9780324004281
041 _aeng
080 _a33
100 _a52
101 _aBNJ
245 _aCOMPARATIVE ECONOMIC SYSTEM
_cSCHNITZER.P
942 _2udc
_cBK
999 _c34181
_d34181